Catálogo público

Normal view MARC view

Entry Nombre personal

Number of records used in: 4

001 - NÚMERO DE CONTROL

  • campo de control: 19366

003 - IDENTIFICADOR DEL NÚMERO DE CONTROL

  • campo de control: OSt

005 - FECHA Y HORA DE LA ÚLTIMA TRANSACCIÓN

  • campo de control: 20240216125016.0

008 - DATOS DE LONGITUD FIJA

  • campo de control de longitud fija: 010725|| aznnnabb| un and |u

040 ## - FUENTE DE LA CATALOGACIÓN

  • Centro catalogador/agencia de origen: OSt
  • Centro/agencia transcriptor: OSt

100 10 - ENCABEZAMIENTO-NOMBRE DE PERSONA

  • Nombre de persona: Carrazco Vargas, Ruth Elver

374 ## - OCUPACIÓN

  • Ocupación: alumno del DIA